Vedan: (Record no. 181205)

000 -LEADER
fixed length control field 00440nam a2200181 4500
020 ## - INTERNATIONAL STANDARD BOOK NUMBER
ISBN 9788196813826
082 ## - DEWEY DECIMAL CLASSIFICATION NUMBER
Classification number M 782.421649092
Item number MAN/V
100 ## - MAIN ENTRY--AUTHOR NAME
Personal name Manoj M B
245 ## - TITLE STATEMENT
Title Vedan:
Sub Title navasamskarithayude pattum rashtreeyavum/
Statement of responsibility, etc by Manoj M B
260 ## - PUBLICATION, DISTRIBUTION, ETC. (IMPRINT)
Place of publication Thrissur:
Name of publisher Gadha books,
Year of publication 2025.
300 ## - PHYSICAL DESCRIPTION
Number of Pages 199p.
650 ## - SUBJECT ADDED ENTRY--TOPICAL TERM
Topical Term Ramp Music
650 ## - SUBJECT ADDED ENTRY--TOPICAL TERM
Topical Term Songs
650 ## - SUBJECT ADDED ENTRY--TOPICAL TERM
Topical Term Vocal music
650 ## - SUBJECT ADDED ENTRY--TOPICAL TERM
Topical Term Music
650 ## - SUBJECT ADDED ENTRY--TOPICAL TERM
Topical Term Arts
942 ## - ADDED ENTRY ELEMENTS (KOHA)
Koha item type Book
Holdings
Withdrawn status Lost status Damaged status Not for loan Permanent Location Current Location Shelving location Date acquired Cost, normal purchase price Full call number Accession Number Price effective from Koha item type
        Sree Sankaracharya University of Sanskrit Sree Sankaracharya University of Sanskrit Stacks 07.04.2026 385.00 M 782.421649092 MAN/V 107934 07.04.2026 Book